000 01822namaa22003851i 4500
003 EG-GICUC
005 20260101150109.0
008 260101s19uu ua ||||jr|||| 000 0 ara d
040 _aEG-GiCUC
_bara
_cEG-GiCUC
_dEG-GiCUC
_erda
043 _aa-sy---
_aa-is---
082 0 4 _221
_a956.91
_bQ11t
092 0 4 _221
_a956.91
_bQ11t
099 _a956.91 Q11t
100 1 _aابن القلانسى، ابو يعلى حمزة ابن اسد،
_d-1160
_eمؤلف.
245 1 _aتاريخ أبى يعلى حمزة ابن القلانسى المعروف بذيل تاريخ دمشق المعروف بذيل تاريخ دمشق /
_cتتلوه نخب من تواريخ ابن الأزرق الفارقى وسيط ابن الجوزى والحافظ الذهبى
246 1 _aHistory of Damascus, 363-555 A.H.
246 1 _aتاريخ دمشق
246 1 _aذيل تاريخ دمشق
264 _aالقاهرة (مصر) :
_bمكتبة المتنبى،
_c[19--]
300 _a؛ 395،48 صفحة
_c24 سم
336 _2rdacontent
_atext
337 _2rdamedia
_aUnmediated
338 _2rdacarrier
_avolume
504 _aيشتمل على ارجاعات ببليوجرافية
541 _aد. جابر عصفور ؛
_bالقاهرة ؛
_cإهداء ؛
_d2024.
600 _aابن القلانسى، ابو يعلى حمزة ابن اسد،
_d-1160
650 1 7 _aالحروب الصليبية
_2qrmak
651 1 _2qrmak
_aالحملات الصليبية(سوريا)
_xتاريخ
651 1 _2qrmak
_aالقدس
_xتاريخ
700 1 _aابن الازرق الفارقى، احمد بن يوسف،
_d1121.
700 1 _aالذهبى، محمد بن احمد
_d1274-1348.
700 1 _aسبط ابن الجوزى، يوسف بن قزاوغلى،
_d1189 1257-7أو
905 _aHuda
942 _2ddc
_cBK
_e21
_n0
999 _c177290
_d177290